Cliquez sur la bonne traduction en anglais - Les vêtements - Statistiques

Statistiques générales
  • Ce quiz a été pris 1 312 fois
  • Le résultat moyen est 18 sur 25
Statistiques - réponses
Hint Réponse % Correct
Chapeau Hat
91%
Basket Sneaker
84%
Bottes Boots
83%
Chaussette Sock
82%
Robe Dress
80%
Casquette Cap
78%
Jupe Skirt
78%
Gants Gloves
77%
Sac à main Handbag
77%
Echarpe Scarf
76%
Pull Sweater
75%
Veste Jacket
74%
Ceinture Belt
73%
Cravate Tie
71%
Sous-vêtements Underwear
70%
Pantalon Trousers
67%
Slip Boxer
65%
Manteau Coat
63%
Chemise Shirt
63%
Soutien-gorge Bra
62%
Bonnet Beanie
59%
Pantoufles Slippers
58%
Collants Tights
54%
Gilet Vest
52%
Survêtement de sport Tracksuit
48%
Aucun quiz correspondant
Distribution des résultats
% des personnes avec chaque résultat
Percentile par nombre de réponses
Votre historique - résultats
Vous n’avez pas pris ce quiz